000 01700cam a2200169 4500500
005 20260329013705.0
041 _afre
042 _adc
100 1 0 _aBidard, Christian
_eauthor
245 0 0 _aIntroduction
260 _c2005.
500 _a88
520 _aCet article propose une interprétation de la firme comme un assemblage de communautés dans le cadre d’une économie fondée sur la connaissance. Nous privilégions ici l’étude des formes d’échange coopératif volontaire dans les communautés organisationnelles et l’émergence dans ce cadre de croyances collectives et d’une culture d’entreprise. L’analyse particulière de la communauté, à travers la prise en compte de dimensions supplémentaires de création, de validation et de diffusion des connaissances, vient ainsi compléter les modes traditionnels de coordination au sein de la firme.
520 _aThe organization as a community of communities collective beliefs and corporate culture This article proposes an interpretation of the firm as a bundle of interacting communities, in the perspective of the knowledge-based economy. It focuses on the examination of the forms of voluntary co-operative exchange in the communities and the emergence of collective beliefs and corporate culture. Thus, the particular analysis of the community level, by bringing additional dimensions of creation, validation and diffusion of knowledge, is a complement to the traditional modes of co-ordination of the firm.
786 0 _nRevue d'économie politique | 115 | 4 | 2005-08-01 | p. 373-378 | 0373-2630
856 4 1 _uhttps://shs.cairn.info/revue-d-economie-politique-2005-4-page-373?lang=fr&redirect-ssocas=7080
999 _c1882549
_d1882549